| 000 | 01325cam a2200349 a 4500 | ||
|---|---|---|---|
| 001 | 15619365 | ||
| 003 | OSt | ||
| 005 | 20140310182730.0 | ||
| 008 | 090210s2009 nyua b 001 0 eng | ||
| 010 | _a 2009005368 | ||
| 020 | _a9780143115342 (pbk.) | ||
| 020 | _a0143115340 (pbk.) | ||
| 035 | _a(OCoLC)ocn276819786 | ||
| 040 |
_aDLC _cDLC _dYDX _dBTCTA _dYDXCP _dZS3 _dDLC |
||
| 050 | 0 | 0 |
_aHQ 773.6 _b.B53 2009 |
| 100 | 1 | _aBiel, Lindsey. | |
| 245 | 1 | 0 |
_aRaising a sensory smart child : _bthe definitive handbook for helping your child with sensory processing issues / _cLindsey Biel and Nancy Peske. |
| 250 | _aUpdated & rev. ed. | ||
| 260 |
_aNew York, N.Y. : _bPenguin Books, _c2009. |
||
| 300 |
_axxiii, 439 p. : _bill. ; _c21 cm. |
||
| 504 | _aIncludes bibliographical references and index. | ||
| 521 | _aEDU | ||
| 562 | _eFor Circulation. 1 copy in the Collection | ||
| 650 | 0 | _aChildren with disabilities. | |
| 650 | 0 | _aSensorimotor integration. | |
| 650 | 0 | _aChild rearing. | |
| 700 | 1 |
_aPeske, Nancy K., _d1962- |
|
| 906 |
_a7 _bcbc _corignew _d1 _eecip _f20 _gy-gencatlg |
||
| 942 |
_2lcc _cBK _kFOR |
||
| 999 |
_c15445 _d15445 |
||